| 000 | 00514nam a2200181 a 4500 | ||
|---|---|---|---|
| 001 | 1762058366935 | ||
| 003 | YourLibrary | ||
| 005 | 20251102101254.0 | ||
| 008 | 251102s2008##################000#0#eng## | ||
| 020 | _a9780077265960 | ||
| 082 | 0 | 4 |
_a658.15 _bBRE |
| 100 | 1 |
_aBrealey, Richard, _eauthor. |
|
| 245 | 1 | 0 | _aSolutions Manual to accompany Fundamentals of Corporate Finance : |
| 260 |
_bMcGraw-Hill/Irwin, _c2008. |
||
| 650 | 0 | _aCorporations. | |
| 942 | _cENGLISH | ||
| 040 |
_aYourLibrary _beng _cYourLibrary |
||
| 999 |
_c595219 _d595219 |
||